| Поле | Инд. | ПП | Название | Значение |
|---|---|---|---|---|
| Тип записи | a | |||
| Библиографический уровень | b | |||
| 001 | Контрольный номер | 8a9c9cd9d2694b8884d18064ff7cb6fa | ||
| 005 | Дата корректировки | 20251105083014.3 | ||
| 024 | 80 | a | Стандартный номер | 10.1088/1361-6382/ad0b38 |
| 040 | a | Служба первич. каталог. | Scopus | |
| 041 | 0_ | a | Код языка текста | eng |
| 097 | a | Костяева О.Г. | ||
| 100 | 1_ | a | Автор | Latosh B. |
| c | Титул (звания) | ; кандидат физико-математических наук; доцент (должность); | ||
| i | Z2021_04 | |||
| k | Кафедра фундаментальных проблем физики микромира; Инженерно-физический институт | |||
| q | Полное имя | Латош Борис Николаевич | ||
| u | Дополнение | Латош Б. Н. | ||
| 100 | 1_ | a | Автор | Yachmenev A. |
| j | Принадлежность неизвестного автора к последователям, ученикам, сторонникам, школе и т. д. | государственный университет "Дубна" | ||
| 245 | 10 | a | Заглавие | On two body gravitational scattering within perturbative gravity |
| 773 | 18 | t | Название источника | Classical and Quantum Gravity |
| b | Сведения об издании | Institute of Physics and IOP Publishing Ltd. | ||
| x | ISSN | 0264-9381 | ||
| c | United Kingdom | |||
| d | Место и дата издания | 2023 | ||
| m | Специф. данные | входит в Scopus;входит в WoS;входит в ядро РИНЦ;зарубежный журнал;ненулевой импакт-фактор | ||
| g | Прочая информация | V. 40.- P. 245008 | ||
| w | Контрольный № источника | e82bf8ceea964751b014b6ad594b0bc1 | ||
| q | Q1 Scopus 2021; У1 Белый список | |||
| p | Class. Quantum Gravity | |||
| o | Прочие индексы | scopus 1.53 | ||
| 901 | t | Тип документа | b | |
| 952 | c | Вид литературы | статья в журнале |